Most Populous U.S. Counties - Statistics

General Stats
  • This quiz has been taken 30 times
  • The average score is 9 of 15
Answer Stats
Rank Population State County % Correct
1 10,014,009 California Los Angeles
85%
2 5,275,541 Illinois Cook
81%
8 2,701,767 Florida Miami-Dade
81%
9 2,613,539 Texas Dallas
78%
6 3,186,989 California Orange
70%
12 2,269,675 Washington King
63%
4 4,420,568 Arizona Maricopa
63%
5 3,298,634 California San Diego
63%
11 2,405,464 New York Queens
56%
3 4,731,145 Texas Harris
52%
14 2,181,654 California San Bernardino
48%
13 2,265,461 Nevada Clark
44%
10 2,418,185 California Riverside
41%
7 2,736,074 New York Kings
37%
15 2,110,640 Texas Tarrant
30%
No matching quizzes found
Score Distribution
Percent of People with Each Score
Percentile by Number Answered
Your Score History
You have not taken this quiz